Movies Quiz

Random Movies or Box Office Quiz
Score 0/25 Timer 10:00
0 Plays Today
Overall Ranking Movie % Correct
1.Avatar
94.7%
2.Titanic
94.5%
38.Star Wars
64.2%
35.E.T.: The Extra-Terrestrial
57.5%
16.The Lion King
55.3%
44.Up
53%
27.Finding Nemo
52.4%
91.WALL-E
46.8%
58.The Incredibles
43.3%
32.Independence Day
42.7%
30.Inception
42.3%
89.Monsters, Inc.
39.1%
62.Ratatouille
38.3%
Overall Ranking Movie % Correct
55.Pirates of the Caribbean: The Curse of the Black Pearl
29.2%
51.The Sixth Sense
26.9%
87.Madagascar
24.3%
94.Ghost
24.1%
80.Armageddon
21.5%
57.Kung Fu Panda
20.6%
69.Tangled
16.6%
60.Hancock
14.2%
85.Despicable Me
14.2%
98.Twister
11.9%
39.2012
9.7%
83.The Day After Tomorrow
8.9%
Remove Ads.
Support Sporcle.
Get the best of Sporcle when you Go Orange. This ad-free experience offers more features, more stats, and more fun while also helping to support Sporcle. Thank you for becoming a member.

You're not logged in!

Compare scores with friends on all Sporcle quizzes.
OR
Log In

Show Comments

Extras

Top Quizzes Today


Score Distribution

Your Account Isn't Verified!

In order to create a playlist on Sporcle, you need to verify the email address you used during registration. Go to your Sporcle Settings to finish the process.

Report this User

Report this user for behavior that violates our Community Guidelines.

Details: